000 00351pab a2200133 454500
008 180718b1988 xxu||||| |||| 00| 0 eng d
245 _aSpecial number on road safety week
260 _c1988
300 _a7-22
362 _aJun.
650 _aRoads - Safety Devices and Measures - India
773 _aJournal of Transport Management
909 _a17280
999 _c17280
_d17280